| 000 | 00685cab a2200229 4500 | ||
|---|---|---|---|
| 001 | ABS54621 | ||
| 008 | 090401t1996 xxu||||| |||| 00| 0 eng d | ||
| 035 | _a(Sirsi) u11386 | ||
| 041 | _aeng | ||
| 100 | _aLee, M. | ||
| 245 | _aThere`s no evading this taxing alteration | ||
| 260 | _c1996 | ||
| 350 | _a0 | ||
| 490 |
_aProperty Week _v54(9) 29 February 1996, 38-39(2) |
||
| 520 | _aSets out the new tax accounting requirements of partnerships that will be introduced for year ending 5 April 1997 by the self-assessment system. | ||
| 650 | _aPARTNERSHIPS | ||
| 650 | _aSELF-ASSESSMENT | ||
| 650 | _aTAX LIABILITY | ||
| 690 | _aTAXATION | ||
| 942 | _n0 | ||
| 948 | _c04/03/1997 | ||
| 999 |
_c7254 _d7254 |
||